Szczegóły MARC21

Maximes, réflexions, lettres /

003 -Nazwa inst., której nr kontr. jest w polu 001 [,]
    • @
    • Nazwa instytucji, której n kontrolny jest w polu 001
    • NUKAT
005 -DATA I CZAS OSTATNIEJ MODYFIKACJI [,]
    • @
    • pole kontrolne
    • 20241231110740.0
020 -Międzynarod. znormalizowany nr książki - ISBN [ , ]
    • a
    • Numer ISBN
    • 2012789560 Find
040 -Instytucja sporządzająca opis [ , ]
    • a
    • Instytucja, która sporządziła opis (NP)
    • GD U/DC
    • c
    • Instytucja, która sporządziła rekord (NP)
    • GD U/DC
    • d
    • Instytucja, która zmodyfikowała rekord (P)
    • GD U/ISSs
942 -Rodzaj dokumentu [ , ]
    • c
    • Rodzaj dokumentu
    • Książka
100 -Hasło główne - nazwa osobowa [1, ]
    • a
    • Nazwa osobowa (NP)
    • La Rochefoucauld, François de
    • d
    • Daty biograficzne (NP)
    • (1613-1680).
    • 9
    • KHW
    • 241901
245 -Strefa tytułu i oznaczenia odpowiedzialności [1,0]
    • a
    • Tytuł
    • Maximes, réflexions, lettres / Find
    • c
    • Pozostałe elementy strefy tytułu i oznaczenia odpowiedzialności (NP)
    • La Rochefoucauld ; précéde de "L'homme mis en scène par Tzvetan Todorov".
260 -Strefa adresu wydawniczego [ , ]
    • a
    • Miejsce wydania (P)
    • Paris :
    • b
    • Nazwa wydawcy (P)
    • Hachette Littératures,
    • c
    • Data wydania (P)
    • 1999.
300 -Strefa opisu fizycznego [ , ]
    • a
    • Określenie formy książki i/lub objętość (NP)
    • 264 s. ;
    • c
    • Format (NP)
    • 18 cm.
336 -Typ zawartości [ , ]
    • a
    • Termin opisujący typ zawartości
    • Tekst
    • b
    • Kod określający zawartość
    • txt
    • 2
    • Źródło (terminu i kodu)
    • rdacontent
337 -Typ mediów [ , ]
    • a
    • Tryb odtwarzania
    • Bez urządzenia pośredniczącego
    • b
    • Kod typu mediów
    • n
    • 2
    • Źródło (terminu i kodu)
    • rdamedia
338 -Typ/rodzaj nośnika [ , ]
    • a
    • Hasło opisujące typ nośnika
    • Wolumin
    • b
    • Kod typu nośnika
    • nc
    • 2
    • Źródło (terminu i kodu)
    • rdacarrier
490 -Strefa serii i książki wielotomowej - forma nie do wyszukiwania [1, ]
    • a
    • Tytuł (P)
    • Collection Pluriel, Find
    • x
    • ISSN (NP)
    • 0296-2063 ;
    • v
    • Numeracja (P)
    • 956
830 -Hasło dodatkowe serii i opisu książki wielotomowej - tytuł ujednolicony/tytuł [ ,0]
    • a
    • Tytuł ujednolicony/tytuł (NP)
    • Pluriel (Paryż ; 1982)
    • x
    • ISSN
    • 0296-2063
    • v
    • Oznaczenie tomu (NP)
    • 956
    • 9
    • KHW
    • 100273
080 -Uniwersalna Klasyfikacja Dziesiętna [ , ]
    • a
    • Symbol klasyfikacji
    • 840-84=40
080 -Uniwersalna Klasyfikacja Dziesiętna [ , ]
    • a
    • Symbol klasyfikacji
    • +840-6=40
600 -Hasło przedmiotowe w formie nazwy osobowej [1,7]
    • a
    • Nazwa osobowa
    • La Rochefoucauld, François de
    • d
    • Daty związane z nazwą
    • (1613-1680)
    • x
    • Określnik rzeczowy
    • cytaty.
    • 2
    • Źródło terminu
    • kaba
    • 9
    • KHW
    • 488085
980 -Symbol UKD [ , ]
    • a
    • UKD
    • 840-84+840-6]=40
700 -Hasło dodatkowe - nazwa osobowa [1,2]
    • a
    • Nazwa osobowa (NP)
    • Todorov, Tzvetan Find
    • d
    • Daty biograficzne (NP)
    • (1939-2017).
    • t
    • Tytuł ujednolicony/tytuł (NP)
    • Homme mis en scène Find
    • l
    • Język tekstu (NP)
    • (fr.)
    • 9
    • KHW
    • 647178
920 -ISBN [ , ]
    • a
    • ISBN
    • 2-01-278956-0 Find
Numer inwentarzowy Status udost. Lokalizacja Data inwentaryzacji Sygnatura
A.72581BM2005-10-06FR. Lit. franc. XVII w. 03